000 01178nam a22002537a 4500
005 20260415164720.0
008 260415b |||||||| |||| 00| 0 eng d
020 _a9789389691252
040 _cAL
041 _aeng
082 _a511.6
_bBALS
100 _aV K Balakrishnan
_9261719
245 _aSchaums outline of theory and problems of combinatorics
260 _aNew York
_bMcGraw Hill Education India Pvt Ltd
_c2020
300 _aviii,200p
_bPB
_c28x20.5cm
365 _2Infornation Science and Engineering
_aVBI-2645
_b₹543.75
_c
_d₹725.00
_e25%
_f20-02-2026
440 _aSchaums Outline Series
_9261696
520 _aCombinatorics deals with the enumeration, existence, analysis, and optimization of discrete structures. With this study guide, students can master this growing field-withh applications in several physical and social sciences, including Chemistry, computer Science, operations research, and statistics. Includes hundreds of problems with detailed solutions.
650 _aCombinational Analyis
_9261697
650 _aOutlines Syllabi
_9261698
650 _aRecurrence Relations
_9261720
650 _aCombinatorics
_9261721
942 _2ddc
_cBK
999 _c241248
_d241248